| 000 | 00616nam a22002177a 4500 | ||
|---|---|---|---|
| 005 | 20260515115035.0 | ||
| 008 | 240903b |||||||| |||| 00| 0 eng d | ||
| 020 | _a9789358490220 | ||
| 040 |
_aIN-DiNC _cIN-DiNC |
||
| 041 | _deng | ||
| 082 |
_a954 _bSAR |
||
| 100 |
_aSarker, Tanusree _eauthor |
||
| 245 |
_aUnderstanding India (VAC1A)/ _cby Tanusree Sarker, Kakali Das and Tinamoni Rajkumari |
||
| 250 | _a2nd ed. | ||
| 260 |
_aDibrugarh: _bBanalata, _c2024. |
||
| 300 | _a88p. | ||
| 650 | _aIndian Constitution | ||
| 700 |
_aDas, Kakali _eauthor |
||
| 700 |
_aRajkumari, Tinamoni _eauthor |
||
| 942 |
_2ddc _cBK |
||
| 999 |
_c11911 _d11911 |
||